01583nam a2200337 i 4500003000900000005001700009007000300026008004100029020001800070040003000088041000800118082001900126100004900145245017400194246004800368250002300416264008400439300002800523336002700551337003400578338002800612500006300640590002700703700005900730910000700789942001400796952012800810952015600938952013401094999001701228DO-SdBNP20251208082811.0ta251031b2020 dr ||||| |||| 00| 0 spa d a9789945913095 aDO-SdBNPbspacBNPHUerda aspa 4axxxbD718c2221 aDorsonne, Roland,d1977-eautor4aut.98875810aKreyòl mwen ak espanyòl mwen nan bouch mwen = Mi creole y mi español están en mi boca /cRoland Dorsonne ; diagramación y concepción, Raynaldo Pierre Louis.  aMi creole y mi español están en mi boca aPrimera edición  4aSanto Domingo, República Dominicana : bFR Multiservicios, S.R.L., c©2020. a96 páginas ;c23 cm.  atextobtxt2rdacontent asin mediación bn2rdamedia avolumenbnc2rdacarrier aIncluye datos biográficos del autor en la contracubierta aInventariado, 2025 /LP1 aPierre Louis, Raynaldo, ediagramador4diagrd. 988797 aLP 2ddccLBS1 00102ddc51708PDaBNPHUbBNPHUcHDd2025-06-30eDepósito Legall0oxxx D718cp2025-12276r2025-10-31w2025-10-31yLBS1 00102ddc51708PDaBNPHUbBNPHUcHDd2025-06-30eDepósito Legall0oxxx D718cp2025-12277r2025-10-31te. 2w2025-10-31yLBS1zInventariado 2025/LP 00102ddc56708DSaBNPHUbBNPHUcHDd2025-06-30eDepósito Legall0oxxx D718cp2025-12278r2025-10-31te. 3w2025-10-31yLBS1 c59993d59993